000 00340nam a2200133Ia 4500
008 230312s9999||||xx |||||||||||||| ||und||
082 _a658.315
_bFIN
245 0 _aFinancial Management
260 _bInstitute of Bankers Pakistan
_aKarachi
_c2006
300 _a208
546 _aEng.
650 _aManagement
_vFinancial Management
942 _cBK
999 _c904
_d904